| 000 | 00622nam a2200205 i 4500 | ||
|---|---|---|---|
| 001 | C2-0179569 | ||
| 003 | PPAK | ||
| 005 | 20180728094944.0 | ||
| 008 | 981012s1982 xx a|||| ||||| | eng d | ||
| 040 |
_aPPAK _beng _cPPAK _erda |
||
| 082 | 0 | 4 |
_a914.9704 _2 23 |
| 090 | 0 | 0 |
_a914.9704 _bFAL _dKIH |
| 245 | 0 | 0 | _aFacts about the Socialist Federal Republic of Yugoslavia |
| 264 | 1 |
_a[Belgrade] : _bThe Federal Secretariat for Information , _c1982 |
|
| 300 |
_a125 pages : _bcolour illustrations ; _c21 cm |
||
| 336 |
_2rdacontent _atext |
||
| 337 |
_2rdamedia _aunmediated |
||
| 338 |
_2rdacarrier _avolume |
||
| 942 |
_ddc _cB |
||
| 999 |
_c155692 _d155692 |
||